000 00609nam a2200253Ia 4500
003 OSt
005 20260103105625.0
008 210417s9999 xx 000 0 und d
020 _a9780199198467
040 _c-
082 _a796
_bCLA
082 _b2.796CLA
100 _aClayton, David
245 0 _aSport is fun!
_cby David Clayton
245 0 _cSport is fun!
250 _b24 P: Col. ill (pbk)
260 _aNew York
260 _bOxford University Press
260 _c2005
490 _3pbk
_aTree Tops
700 _a"Clayton, Davik."
700 _bDavid Clayton
942 _2ddc
_cENGLISH
999 _c455679
_d455679